What You Think of Me Is None of My Business (Record no. 96780)
[ view plain ]
| 000 -LEADER | |
|---|---|
| fixed length control field | 00578nam a2200217Ia 4500 |
| 005 - DATE AND TIME OF LATEST TRANSACTION | |
| control field | 20251122100004.0 |
| 008 - FIXED-LENGTH DATA ELEMENTS--GENERAL INFORMATION | |
| fixed length control field | 230125s9999 xx 000 0 und d |
| 020 ## - INTERNATIONAL STANDARD BOOK NUMBER | |
| International Standard Book Number | 978-0-593-33790-5 |
| 041 ## - LANGUAGE CODE | |
| Language code of text/sound track or separate title | eng |
| 082 ## - DEWEY DECIMAL CLASSIFICATION NUMBER | |
| Classification number | 158.1 |
| Item number | WHI |
| 100 ## - MAIN ENTRY--PERSONAL NAME | |
| Author | Whittaker T |
| 245 ## - TITLE STATEMENT | |
| Title | What You Think of Me Is None of My Business |
| 250 ## - EDITION STATEMENT | |
| Edition statement | 1st Ed. |
| 260 ## - PUBLICATION, DISTRIBUTION, ETC. | |
| Date of publication, distribution, etc. | 2020 |
| Name of publisher, distributor, etc. | Penguin Random House |
| Place of publication, distribution, etc. | Haryana |
| 300 ## - PHYSICAL DESCRIPTION | |
| Extent | 207p |
| 500 ## - GENERAL NOTE | |
| Keywords | Personality Development<br/> |
| 650 ## - SUBJECT ADDED ENTRY--TOPICAL TERM | |
| Topical term or geographic name entry element | Personality Development |
| 700 ## - ADDED ENTRY--PERSONAL NAME | |
| Personal name | Whittaker T |
| 942 ## - ADDED ENTRY ELEMENTS (KOHA) | |
| Koha item type | Books |
| 906 ## - LOCAL DATA ELEMENT F, LDF (RLIN) | |
| b | 99.75 |
| Withdrawn status | Lost status | Damaged status | Not for loan | Home library | Current library | Date acquired | Vendor | Net Price | Bill number | Total Checkouts | Full call number | Barcode | Date last seen | Actual Price | Bill Date | Koha item type | Original Barcode |
|---|---|---|---|---|---|---|---|---|---|---|---|---|---|---|---|---|---|
| Smt. Hiraben Nanavati Institute of Management & Research for Women | Smt. Hiraben Nanavati Institute of Management & Research for Women | 13/03/2021 | Forward Books | 399.00 | 11380 | 158.1 WHI B21686 | HIMR-BK-21686 | 25/01/2023 | 299.25 | 12/03/2021 | Books | B21686 | |||||
| Smt. Hiraben Nanavati Institute of Management & Research for Women | Smt. Hiraben Nanavati Institute of Management & Research for Women | 13/03/2021 | Forward Books | 399.00 | 11380 | 158.1 WHI B21687 | HIMR-BK-21687 | 25/01/2023 | 299.25 | 12/03/2021 | Books | B21687 |